[Event "Stuttgarter Stadtmeisterschaft A"]
[Site "Ditzingen"]
[Date "2008.05.01"]
[Round "2.19"]
[White "Krockenberger, Martin"]
[Black "Rempeli, Alex"]
[Result "1-0"]
[WhiteElo "2220"]
[BlackElo "1713"]
[PlyCount "111"]
[EventDate "2008.05.??"]
[EventType "swiss"]
[EventRounds "7"]
[EventCountry "GER"]
[WhiteTeam "SK Schmiden/Cannstatt"]
[BlackTeam "SF Deizisau"]

1. Nf3 Nf6 2. c4 c5 3. Nc3 Nc6 4. g3 g6 5. Bg2 Bg7 6. O-O O-O 7. d4 cxd4 8.
Nxd4 Nxd4 9. Qxd4 Ne8 10. Qd3 d6 11. Be3 Bf5 12. Qd2 Qc8 13. Nd5 Qd7 14. Bg5 f6
15. Be3 Nc7 16. Rfd1 Nxd5 17. Qxd5+ Be6 18. Qd3 Rfd8 19. Rac1 Rac8 20. b3 b6
21. a4 Qc7 22. h4 Bd7 23. h5 f5 24. Bg5 Be6 25. h6 Bh8 26. e4 Rf8 27. Re1 Rce8
28. Rcd1 Bf6 29. Bxf6 Rxf6 30. Qd4 Qc5 31. e5 Qxd4 32. Rxd4 dxe5 33. Rxe5 g5
34. g4 Kf7 35. Bc6 Rc8 36. Bd7 Rc7 37. Bxe6+ Rxe6 38. Rxf5+ Kg6 39. Rdd5 Kxh6
40. Rxg5 Rg6 41. Rxg6+ Kxg6 42. Kf1 e6 43. Re5 Kf6 44. Rh5 Rd7 45. Ke2 Kg6 46.
f3 Rd8 47. Rh1 Re8 48. Rd1 Re7 49. Ke3 h5 50. gxh5+ Kxh5 51. Ke4 Kh4 52. Ke5
Kg3 53. f4 Rf7 54. Rd4 Kf3 55. Kxe6 Rf8 56. f5 1-0

[Event "Stuttgarter Stadtmeisterschaft A"]
[Site "Ditzingen"]
[Date "2008.05.01"]
[Round "2.21"]
[White "Bauer, Dieter"]
[Black "Kunz, Konstantin"]
[Result "0-1"]
[WhiteElo "1854"]
[BlackElo "2198"]
[PlyCount "86"]
[EventDate "2008.05.??"]
[EventType "swiss"]
[EventRounds "7"]
[EventCountry "GER"]
[WhiteTeam "SK Bebenhausen 1992"]
[BlackTeam "SC Kitzingen von 1905"]

1. Nf3 c5 2. g3 b6 3. Bg2 Bb7 4. O-O Nf6 5. d3 d6 6. c4 g6 7. b3 Bg7 8. Bb2 O-O
9. Nc3 Nbd7 10. Qd2 a6 11. a3 Rb8 12. b4 b5 13. cxb5 axb5 14. Rfc1 Qb6 15. Rab1
cxb4 16. axb4 Ng4 17. Qe1 Bh6 18. e3 Nde5 19. Nxe5 Nxe5 20. Qe2 Bxg2 21. Kxg2
Qb7+ 22. f3 Rfc8 23. Kf2 Bg7 24. f4 Nc6 25. Ne4 Qd7 26. Bxg7 Kxg7 27. Nc3 d5
28. d4 Nd8 29. Qa2 Rc4 30. Ne2 Rbc8 31. Rxc4 Rxc4 32. Qa5 Nb7 33. Qa7 Qc8 34.
Qa6 Qf5 35. Rc1 Rxc1 36. Nxc1 Nd6 37. Ne2 Qe4 38. Nc3 Qc2+ 39. Ne2 Ne4+ 40. Kf3
Qd1 41. Qxb5 Qf1+ 42. Kg4 f5+ 43. Kh4 Nf2 0-1

[Event "Stuttgarter Stadtmeisterschaft A"]
[Site "Ditzingen"]
[Date "2008.05.01"]
[Round "2.22"]
[White "Günthner, Arthur"]
[Black "Schulte, Torsten"]
[Result "0-1"]
[WhiteElo "1707"]
[BlackElo "2185"]
[PlyCount "32"]
[EventDate "2008.05.??"]
[EventType "swiss"]
[EventRounds "7"]
[EventCountry "GER"]
[WhiteTeam "SC Tamm 74"]
[BlackTeam "SC Eppingen"]

1. d4 Nf6 2. c4 e6 3. Nc3 Bb4 4. Qc2 d5 5. cxd5 exd5 6. Nf3 O-O 7. g3 c5 8. Bd2
Re8 9. dxc5 d4 10. Na4 d3 11. Qd1 Bg4 12. Ng1 Bxd2+ 13. Qxd2 Ne4 14. Qe3 Nc6
15. f3 Qa5+ 16. Nc3 Nb4 0-1

[Event "Stuttgarter Stadtmeisterschaft A"]
[Site "Ditzingen"]
[Date "2008.05.01"]
[Round "2.23"]
[White "Notegger, Peter"]
[Black "Tuncer, Ufuk"]
[Result "0-1"]
[WhiteElo "1952"]
[BlackElo "2306"]
[PlyCount "56"]
[EventDate "2008.05.??"]
[EventType "swiss"]
[EventRounds "7"]
[EventCountry "GER"]
[BlackTeam "SC-HP Böbl.1975 e.V."]

1. f4 c5 2. b3 Nc6 3. Nf3 d5 4. e3 a6 5. Bb2 d4 6. Be2 Nf6 7. exd4 cxd4 8. Ne5
Bf5 9. Nxc6 bxc6 10. O-O e6 11. Bf3 Rc8 12. Na3 Bc5 13. d3 O-O 14. Nc4 Nd5 15.
Bxd5 cxd5 16. Nd2 h6 17. Kh1 Qc7 18. Rc1 f6 19. a3 a5 20. Rf2 e5 21. fxe5 fxe5
22. Nf3 Bg4 23. h3 Bh5 24. g4 Bg6 25. Rf1 e4 26. Nh4 Bh7 27. Rxf8+ Rxf8 28. Kg2
Qf4 0-1

[Event "Stuttgarter Stadtmeisterschaft A"]
[Site "Ditzingen"]
[Date "2008.05.01"]
[Round "2.24"]
[White "Hoffmann, Ekkehard"]
[Black "Höschele, Hans-Ulrich"]
[Result "0-1"]
[WhiteElo "2002"]
[BlackElo "2212"]
[PlyCount "64"]
[EventDate "2008.05.??"]
[EventType "swiss"]
[EventRounds "7"]
[EventCountry "GER"]
[BlackTeam "Stuttgarter SF 1879"]

1. e4 e5 2. Nc3 d6 3. f4 c6 4. Nf3 Qc7 5. Bc4 Be7 6. fxe5 dxe5 7. d4 Nd7 8. O-O
Ngf6 9. Bg5 O-O 10. Kh1 b5 11. Bb3 a6 12. Qd3 exd4 13. Qxd4 c5 14. Qd2 c4 15.
Rae1 Nb6 16. e5 Ne8 17. Ne4 Be6 18. Bxe7 Qxe7 19. Nfg5 Nd5 20. Nxh7 Kxh7 21.
Ng5+ Kg8 22. h4 Rd8 23. Qe2 g6 24. Nxe6 Qxh4+ 25. Kg1 fxe6 26. Rxf8+ Kxf8 27.
Qf3+ Kg7 28. Rf1 Qe7 29. Qe4 Nec7 30. Rf3 Qc5+ 31. Kf1 Rf8 32. Rxf8 Qxf8+ 0-1

[Event "Stuttgarter Stadtmeisterschaft A"]
[Site "Ditzingen"]
[Date "2008.05.01"]
[Round "2.25"]
[White "Hittinger, Immanuel"]
[Black "Prestel, Oliver"]
[Result "0-1"]
[WhiteElo "1928"]
[BlackElo "2204"]
[PlyCount "72"]
[EventDate "2008.05.??"]
[EventType "swiss"]
[EventRounds "7"]
[EventCountry "GER"]
[WhiteTeam "SK Bebenhausen 1992"]
[BlackTeam "SV Marbach"]

1. d4 d5 2. c4 c6 3. Nf3 Nf6 4. e3 a6 5. Nc3 e6 6. Bd2 Nbd7 7. Rc1 Bd6 8. Bd3
dxc4 9. Bxc4 b5 10. Bd3 c5 11. Ne4 Nxe4 12. Bxe4 Ra7 13. dxc5 Nxc5 14. Bb1 Rd7
15. O-O Bb7 16. h3 Be7 17. Rc2 O-O 18. Nd4 Ne4 19. Qe2 Qa8 20. f3 Ng3 21. Qd3
g6 22. Rfc1 e5 23. Rc7 Rfd8 24. Be1 Bh4 25. Qb3 exd4 26. exd4 Ne2+ 27. Kh2 Nxc1
28. Rxc1 Bxe1 29. Rxe1 Qb8+ 30. Kh1 Rxd4 31. Bc2 Re8 32. Be4 Bxe4 33. Rxe4
Rdxe4 34. fxe4 Rxe4 35. Qc3 Qe5 36. Qc8+ Kg7 0-1

[Event "Stuttgarter Stadtmeisterschaft A"]
[Site "Ditzingen"]
[Date "2008.05.01"]
[Round "2.26"]
[White "Nabavi, Parwis"]
[Black "Braun, Georg"]
[Result "1-0"]
[WhiteElo "2185"]
[BlackElo "1931"]
[PlyCount "75"]
[EventDate "2008.05.??"]
[EventType "swiss"]
[EventRounds "7"]
[EventCountry "GER"]
[WhiteTeam "SGEM Dreisamtal"]
[BlackTeam "SF Nabern"]

1. d4 Nf6 2. c4 c5 3. d5 b5 4. cxb5 a6 5. bxa6 g6 6. Nc3 Bxa6 7. g3 Bg7 8. Bg2
d6 9. Nf3 Nbd7 10. O-O O-O 11. Qc2 Qb6 12. Rd1 Rfb8 13. Rb1 Ng4 14. Bd2 Nge5
15. Nxe5 Nxe5 16. b3 Bc8 17. h3 Qa6 18. a4 Rb6 19. Bf1 Qb7 20. a5 Rba6 21. Na4
Nd7 22. Be1 R6a7 23. e3 Ne5 24. Bg2 Qc7 25. Nb6 Rb8 26. Nxc8 Qxc8 27. f4 Nd7
28. Qc4 Qc7 29. Rdc1 Rbb7 30. a6 Rb8 31. b4 Nb6 32. Qe2 c4 33. b5 e6 34. Ba5
exd5 35. Bxd5 Qc5 36. Bxb6 Rxb6 37. Bxc4 Re7 38. Bxf7+ 1-0

[Event "Stuttgarter Stadtmeisterschaft A"]
[Site "Ditzingen"]
[Date "2008.05.01"]
[Round "2.27"]
[White "Wolbert, Christian"]
[Black "Ringoir, Guy"]
[Result "1-0"]
[WhiteElo "2171"]
[BlackElo "1941"]
[PlyCount "101"]
[EventDate "2008.05.??"]
[EventType "swiss"]
[EventRounds "7"]
[EventCountry "GER"]
[WhiteTeam "Heilbronner SV"]

1. d4 Nf6 2. c4 c5 3. d5 e6 4. Nc3 exd5 5. cxd5 d6 6. e4 g6 7. Bd3 Bg7 8. Nf3
Bg4 9. h3 Bxf3 10. Qxf3 Nbd7 11. Bf4 Qb6 12. Nb5 Ne5 13. Bxe5 dxe5 14. O-O a6
15. Na3 O-O 16. Nc4 Qc7 17. b3 Ne8 18. Rac1 Nd6 19. Ne3 b5 20. Rc2 Qb6 21. Rfc1
Nb7 22. g4 Bh6 23. Kg2 f6 24. Rh1 Bxe3 25. Qxe3 Qd6 26. Qf3 Kg7 27. h4 Rf7 28.
h5 g5 29. Qe3 h6 30. f3 Rc7 31. Rhc1 Kf7 32. Qe2 Ke7 33. Kf1 Kf7 34. Ke1 Ke7
35. Kd1 Kf7 36. b4 c4 37. Bxc4 bxc4 38. Rxc4 Rac8 39. Rxc7+ Rxc7 40. Rxc7+ Qxc7
41. Qxa6 Nd6 42. Qc6 Ne8 43. Qxc7+ Nxc7 44. a4 Ke7 45. Kc2 Kd7 46. Kc3 Ne8 47.
b5 Kc7 48. a5 Nd6 49. Kb4 Nb7 50. b6+ Kb8 51. a6 1-0

[Event "Stuttgarter Stadtmeisterschaft A"]
[Site "Ditzingen"]
[Date "2008.05.01"]
[Round "2.29"]
[White "Giricz, Thomas"]
[Black "Scharping, Hans-Martin"]
[Result "1/2-1/2"]
[WhiteElo "1875"]
[BlackElo "2138"]
[PlyCount "26"]
[EventDate "2008.05.??"]
[EventType "swiss"]
[EventRounds "7"]
[EventCountry "GER"]
[WhiteTeam "SAbt VfL Sindelfingen"]
[BlackTeam "SV 23 Böckingen"]

1. e4 Nc6 2. Nf3 d5 3. exd5 Qxd5 4. Nc3 Qa5 5. d4 Bg4 6. Be2 O-O-O 7. Be3 Nf6
8. O-O Bxf3 9. Bxf3 e5 10. Bxc6 bxc6 11. Bg5 exd4 12. Bxf6 gxf6 13. Ne4 h5
1/2-1/2

[Event "Stuttgarter Stadtmeisterschaft A"]
[Site "Ditzingen"]
[Date "2008.05.01"]
[Round "2.30"]
[White "Osmanovic, Faruk"]
[Black "Büter, Norbert"]
[Result "1/2-1/2"]
[WhiteElo "2133"]
[BlackElo "1874"]
[PlyCount "35"]
[EventDate "2008.05.??"]
[EventType "swiss"]
[EventRounds "7"]
[EventCountry "GER"]
[WhiteTeam "SC Blau.Turm Bad Wimpfen"]
[BlackTeam "Sabt SpVgg Rommelshausen"]

1. e4 d6 2. d4 Nf6 3. Nc3 g6 4. f4 Bg7 5. Nf3 O-O 6. e5 Ne8 7. h4 Bg4 8. h5
dxe5 9. fxe5 c5 10. hxg6 hxg6 11. Bh6 Qxd4 12. Qxd4 cxd4 13. Bxg7 Nxg7 14. Nxd4
Rd8 15. Nce2 Bxe2 16. Nxe2 Nc6 17. Nf4 Nxe5 18. Nd3 1/2-1/2

[Event "Stuttgarter Stadtmeisterschaft A"]
[Site "Ditzingen"]
[Date "2008.05.01"]
[Round "2.31"]
[White "Budjav, Enkhjargal"]
[Black "Lange, Jan-David"]
[Result "0-1"]
[WhiteElo "1866"]
[BlackElo "2132"]
[PlyCount "100"]
[EventDate "2008.05.??"]
[EventType "swiss"]
[EventRounds "7"]
[EventCountry "GER"]
[WhiteTeam "Stuttgarter SF 1879"]
[BlackTeam "SC Tamm 74"]

1. e4 c5 2. Nf3 Nc6 3. d4 cxd4 4. Nxd4 Nf6 5. Nc3 d6 6. Nxc6 bxc6 7. Bg5 e5 8.
Qd2 Be7 9. O-O-O O-O 10. Bxf6 Bxf6 11. Qxd6 Qb6 12. Qd2 Be6 13. Na4 Qc7 14. Nc5
Bxa2 15. b3 Be7 16. Qd7 Qxd7 17. Nxd7 Ba3+ 18. Kd2 Rfd8 19. Ke3 Bb1 20. Rxb1
Rxd7 21. b4 Rb8 22. b5 Rdb7 23. c4 a6 24. b6 Rxb6 25. Rxb6 Rxb6 26. Be2 Bb2 27.
f3 Bd4+ 28. Kd2 a5 29. Bd3 Kf8 30. Bc2 Ke7 31. Kd3 Kd6 32. f4 f6 33. fxe5+ fxe5
34. Rf1 Rb7 35. g4 Kc5 36. h4 Ra7 37. Ba4 Rc7 38. Bc2 Rd7 39. Ba4 Bf2+ 40. Kc3
Bxh4 41. Rh1 Bf6 42. Bc2 h6 43. Rc1 Bd8 44. Rf1 Bg5 45. Ra1 Bd2+ 46. Kb2 Kxc4
47. Ra4+ Bb4 48. Bb3+ Kd4 49. Bc2 Rf7 50. Ra1 Bc3+ 0-1

[Event "Stuttgarter Stadtmeisterschaft A"]
[Site "Ditzingen"]
[Date "2008.05.01"]
[Round "2.32"]
[White "Probst, Alexander"]
[Black "Reder, Erik"]
[Result "1/2-1/2"]
[WhiteElo "2129"]
[BlackElo "1882"]
[PlyCount "61"]
[EventDate "2008.05.??"]
[EventType "swiss"]
[EventRounds "7"]
[EventCountry "GER"]
[WhiteTeam "SC Blau.Turm Bad Wimpfen"]
[BlackTeam "SK e4 Gerlingen"]

1. e4 e6 2. d4 d5 3. Nd2 Nf6 4. e5 Nfd7 5. Bd3 c5 6. c3 Nc6 7. Ne2 Be7 8. O-O
O-O 9. f4 f6 10. Nf3 fxe5 11. fxe5 cxd4 12. cxd4 Nb6 13. Bb1 Bd7 14. Qd3 g6 15.
a3 a6 16. Bh6 Rf7 17. Nf4 Bf8 18. Ng5 Rxf4 19. Rxf4 Bxh6 20. Nxh7 Ne7 21. Nf6+
Kg7 22. Nh5+ Kh8 23. Rg4 Bb5 24. Qf3 Qf8 25. Nf6 Kg7 26. Qg3 Qf7 27. h4 Be2 28.
Nh5+ Kh7 29. Nf6+ Kg7 30. Nh5+ Kh7 31. Nf6+ 1/2-1/2

[Event "Stuttgarter Stadtmeisterschaft A"]
[Site "Ditzingen"]
[Date "2008.05.01"]
[Round "2.33"]
[White "Stoll, Guido"]
[Black "Scheeff, Volker"]
[Result "0-1"]
[WhiteElo "1914"]
[BlackElo "2125"]
[PlyCount "62"]
[EventDate "2008.05.??"]
[EventType "swiss"]
[EventRounds "7"]
[EventCountry "GER"]
[WhiteTeam "Schach-Club Vaterstetten"]
[BlackTeam "Sabt SpVgg Rommelshausen"]

1. Nf3 d5 2. g3 Nf6 3. Bg2 c6 4. O-O Bf5 5. d3 h6 6. Nbd2 Nbd7 7. Re1 e5 8. Nh4
Bh7 9. e4 dxe4 10. dxe4 Qc7 11. Nb3 O-O-O 12. Qe2 Nc5 13. Nxc5 Bxc5 14. Nf5
Bxf5 15. exf5 Rhe8 16. Qc4 Qb6 17. Be3 Bxe3 18. fxe3 Nd5 19. Bxd5 Rxd5 20. Qg4
f6 21. Qxg7 Qd8 22. Qg4 Re7 23. Rad1 Red7 24. Rxd5 Rxd5 25. a3 a5 26. Re2 Qd7
27. e4 Rd1+ 28. Kg2 Qd4 29. c3 Qd3 30. Kf2 a4 31. Qf3 Rf1+ 0-1

[Event "Stuttgarter Stadtmeisterschaft A"]
[Site "Ditzingen"]
[Date "2008.05.01"]
[Round "2.35"]
[White "Richter, Götz"]
[Black "Bacquele, Fabrice"]
[Result "1-0"]
[WhiteElo "2073"]
[BlackElo "1626"]
[PlyCount "127"]
[EventDate "2008.05.??"]
[EventType "swiss"]
[EventRounds "7"]
[EventCountry "GER"]
[WhiteTeam "Klub Kölner Schachfreunde e.V. 1"]
[BlackTeam "SC Wangen"]

1. e4 c5 2. Nf3 d6 3. d4 cxd4 4. Nxd4 Nf6 5. Nc3 a6 6. Be3 e5 7. Nf3 Be7 8. Bc4
O-O 9. Bg5 Nbd7 10. a4 Qc7 11. Bd5 Rb8 12. a5 b5 13. axb6 Nxb6 14. Bxf6 Bxf6
15. O-O Bb7 16. Bxb7 Qxb7 17. Qd3 Ra8 18. Ra2 Be7 19. Rfa1 Rfc8 20. b3 Rc6 21.
Nd5 Nxd5 22. Qxd5 Rac8 23. Nd2 Qb5 24. Nc4 Rc5 25. Qd2 Qb7 26. Qe2 Ra8 27. Rd1
Rd8 28. Qf3 f6 29. Ne3 Rdc8 30. Qg4 a5 31. Qe6+ Kf8 32. Nc4 Qc7 33. Rd5 Rxd5
34. Qxd5 Qc5 35. Rxa5 Qxd5 36. Rxd5 Ke8 37. Kf1 Rc6 38. Ra5 Bd8 39. Ra7 Bc7 40.
Ke2 Kd7 41. Kd3 Kc8 42. b4 Kb8 43. Ra4 Kb7 44. Ne3 Bb6 45. Nf5 Bxf2 46. Nxg7
Rc8 47. Nf5 Kb6 48. c4 Rg8 49. g3 Bg1 50. Ra1 Bxh2 51. Rh1 Bxg3 52. Rg1 Ra8 53.
Rxg3 Ra4 54. Kc3 h5 55. Kb3 Ra1 56. Nxd6 Rb1+ 57. Ka3 Rh1 58. Rc3 h4 59. c5+
Kc7 60. b5 h3 61. b6+ Kc6 62. b7 Rb1 63. Rxh3 Kxc5 64. Rb3 1-0

[Event "Stuttgarter Stadtmeisterschaft A"]
[Site "Ditzingen"]
[Date "2008.05.01"]
[Round "2.37"]
[White "Felser, Martin"]
[Black "Strunski, Andreas"]
[Result "0-1"]
[WhiteElo "1963"]
[BlackElo "2271"]
[PlyCount "120"]
[EventDate "2008.05.??"]
[EventType "swiss"]
[EventRounds "7"]
[EventCountry "GER"]
[WhiteTeam "SC Dillingen"]
[BlackTeam "Stuttgarter SF 1879"]

1. e4 c5 2. d3 Nc6 3. c3 e6 4. g3 d5 5. Bg2 Nge7 6. Nh3 g6 7. O-O Bg7 8. f4 O-O
9. Nf2 e5 10. Na3 Be6 11. fxe5 Nxe5 12. d4 cxd4 13. cxd4 N5c6 14. e5 Nf5 15.
Nc2 f6 16. exf6 Bxf6 17. Ng4 Bg7 18. Be3 h5 19. Ne5 Nxe3 20. Rxf8+ Qxf8 21.
Nxe3 Nxe5 22. dxe5 Qc5 23. Qd3 Kh7 24. Kh1 d4 25. Nc2 Bf5 26. Be4 Bxe4+ 27.
Qxe4 Qxe5 28. Qxe5 Bxe5 29. Rd1 Rc8 30. Nb4 Kg7 31. Kg2 Kf7 32. Kf3 Bg7 33. Rd2
a5 34. Nd3 Bh6 35. Re2 Be3 36. h3 Kf6 37. Nf4 Rd8 38. Nd3 Rf8 39. Rc2 Ke6+ 40.
Ke4 Kd6 41. Rc5 Re8+ 42. Re5 Re7 43. Rxe7 Kxe7 44. Ne5 Kf6 45. Nc4 a4 46. Nxe3
dxe3 47. Kxe3 Ke5 48. g4 h4 49. Kf3 g5 50. Ke3 b6 51. b3 a3 52. b4 b5 53. Kd3
Kf4 54. Kd4 Kg3 55. Kc5 Kxh3 56. Kxb5 Kxg4 57. Ka6 h3 58. b5 h2 59. b6 h1=Q 60.
Ka7 Kf5 0-1

[Event "Stuttgarter Stadtmeisterschaft A"]
[Site "Ditzingen"]
[Date "2008.05.01"]
[Round "2.38"]
[White "Kaplunov, Vadym"]
[Black "Barthel, Ansgar"]
[Result "1/2-1/2"]
[WhiteElo "1967"]
[BlackElo "2258"]
[PlyCount "132"]
[EventDate "2008.05.??"]
[EventType "swiss"]
[EventRounds "7"]
[EventCountry "GER"]
[WhiteTeam "Stuttgarter SF 1879"]
[BlackTeam "SC Pirmasens 1912"]

1. d4 Nf6 2. c4 g6 3. Nc3 Bg7 4. e4 d6 5. Be2 O-O 6. Nf3 Na6 7. O-O e5 8. d5
Nc5 9. Qc2 a5 10. Nd2 Bh6 11. Nb3 Bxc1 12. Nxc5 dxc5 13. Raxc1 Ne8 14. f4 Qe7
15. Rf2 exf4 16. Rxf4 Qe5 17. Rcf1 Bd7 18. Bd3 Nd6 19. Qf2 b6 20. h4 Rae8 21.
Nb1 Re7 22. b3 a4 23. Nd2 axb3 24. axb3 Ra8 25. Bb1 Ra1 26. Kh2 f6 27. g3 Ne8
28. Qe3 Qb2 29. R4f2 Qd4 30. Qxd4 cxd4 31. Re1 Bg4 32. Rf4 h5 33. Kg2 Kg7 34.
Nf3 Bxf3+ 35. Kxf3 Nd6 36. Kf2 Nf7 37. Ke2 Ne5 38. Kd2 Ra3 39. Kc2 Ra8 40. Kb2
Rf8 41. Rd1 c5 42. dxc6 Nxc6 43. Bc2 Rd8 44. Rf3 Ne5 45. Rf4 d3 46. Bb1 Red7
47. Rd2 b5 48. Kc3 bxc4 49. bxc4 Rc7 50. Ba2 Rdc8 51. Bb3 Ra8 52. Rf1 Ra3 53.
Kb4 Rca7 54. Rdf2 Nc6+ 55. Kc5 R7a6 56. Ra2 Rxa2 57. Bxa2 Ne5 58. Bb3 Rc6+ 59.
Kb4 Rd6 60. Kc3 d2 61. Bc2 Ng4 62. Rd1 Ne3 63. Rxd2 Rxd2 64. Kxd2 Nxc4+ 65. Ke2
Kf8 66. Bb3 Ne5 1/2-1/2

[Event "Stuttgarter Stadtmeisterschaft A"]
[Site "Ditzingen"]
[Date "2008.05.01"]
[Round "2.39"]
[White "Hottes, Dieter"]
[Black "Streiter, Manfred"]
[Result "1-0"]
[WhiteElo "2208"]
[BlackElo "1968"]
[PlyCount "111"]
[EventDate "2008.05.??"]
[EventType "swiss"]
[EventRounds "7"]
[EventCountry "GER"]
[WhiteTeam "Stuttgarter SF 1879"]
[BlackTeam "SAbt TSV Schönaich"]

1. b3 e5 2. Bb2 Nc6 3. c4 Nf6 4. Nc3 d5 5. cxd5 Nxd5 6. a3 Be6 7. e3 Nxc3 8.
Bxc3 Qd5 9. Nf3 f6 10. Bc4 Qd7 11. O-O Bxc4 12. bxc4 Bc5 13. d4 exd4 14. exd4
Be7 15. d5 Nd8 16. Re1 O-O 17. Bb4 Bxb4 18. axb4 Nf7 19. Ra2 c6 20. Qa4 Rfd8
21. Rae2 b5 22. dxc6 Qxc6 23. cxb5 Qb6 24. Qb3 Qxb5 25. Re7 Rf8 26. Nd4 Qh5 27.
h3 g5 28. Nf5 Kh8 29. Qc3 Qg6 30. g4 Rac8 31. Qa1 Ne5 32. Kg2 Nd3 33. Rg7 Qxg7
34. Nxg7 Kxg7 35. b5 Ne5 36. Rxe5 fxe5 37. Qxe5+ Kg6 38. Qe6+ Kg7 39. Qe7+ Kh6
40. Qe6+ Kg7 41. Qe7+ Kg6 42. Qxa7 Rc2 43. Qd4 Rcc8 44. Qe4+ Kh6 45. Qe7 Rce8
46. Qd6+ Kg7 47. b6 h6 48. b7 Rb8 49. Qc7+ Kg6 50. h4 gxh4 51. f4 Rbd8 52. Kh3
h5 53. Qb6+ Kh7 54. Qc7+ Kg6 55. gxh5+ Kxh5 56. Qh7# 1-0

[Event "Stuttgarter Stadtmeisterschaft A"]
[Site "Ditzingen"]
[Date "2008.05.01"]
[Round "2.40"]
[White "Bogenschütze, Paul jr"]
[Black "Diele, Ralf"]
[Result "1-0"]
[WhiteElo "2102"]
[BlackElo "1965"]
[PlyCount "69"]
[EventDate "2008.05.??"]
[EventType "swiss"]
[EventRounds "7"]
[EventCountry "GER"]
[WhiteTeam "SF Deizisau"]
[BlackTeam "Schachklub Werther 1949 e.V."]

1. e4 d5 2. exd5 Qxd5 3. Nc3 Qd8 4. d4 g6 5. Be3 Bg7 6. Nf3 Nh6 7. Bc4 O-O 8.
Qd2 Nf5 9. O-O-O Nd7 10. Bg5 Nb6 11. Bb3 c6 12. Rhe1 Nd5 13. Bxd5 cxd5 14. g4
h6 15. gxf5 hxg5 16. fxg6 f6 17. Qe2 Bg4 18. Rg1 Bf5 19. h4 Bxg6 20. hxg5 Kf7
21. gxf6 Bxf6 22. Rde1 Qd6 23. Ne5+ Bxe5 24. dxe5 Qe6 25. Nb5 Rac8 26. Nd4 Bxc2
27. Nxe6 Bd3+ 28. Kd2 Bxe2 29. Nxf8 Bh5 30. Nh7 Bg6 31. Ng5+ Ke8 32. Rc1 Rb8
33. Nf3 Bf7 34. Nd4 e6 35. Rc7 1-0

[Event "Stuttgarter Stadtmeisterschaft A"]
[Site "Ditzingen"]
[Date "2008.05.01"]
[Round "2.41"]
[White "Erben, Larissa"]
[Black "Fahnenschmidt, Gerhard"]
[Result "1-0"]
[WhiteElo "1942"]
[BlackElo "2101"]
[PlyCount "75"]
[EventDate "2008.05.??"]
[EventType "swiss"]
[EventRounds "7"]
[EventCountry "GER"]
[WhiteTeam "SV Wolfbusch"]
[BlackTeam "SAbt VfL Sindelfingen"]

1. e4 c5 2. Nf3 d6 3. d4 cxd4 4. Nxd4 Nf6 5. Nc3 g6 6. Be3 Bg7 7. f3 Nc6 8. Qd2
Bd7 9. O-O-O Rc8 10. Kb1 Ne5 11. g4 O-O 12. h4 Nc4 13. Bxc4 Rxc4 14. h5 a6 15.
hxg6 fxg6 16. e5 Ne8 17. Nf5 gxf5 18. Qd5+ e6 19. Qxc4 Bxe5 20. gxf5 Rxf5 21.
Qg4+ Bg7 22. Rdg1 Bc6 23. Qh3 h5 24. Ne4 Bxe4 25. fxe4 Qf6 26. Rxg7+ Nxg7 27.
exf5 Nxf5 28. Qg2+ Kf8 29. Bg5 Qg6 30. Rg1 Qf7 31. Qd2 d5 32. Qc3 d4 33. Qc8+
Kg7 34. Bf4+ Kh7 35. Be5 Ng7 36. Rxg7+ Qxg7 37. Bxg7 Kxg7 38. Qxe6 1-0

[Event "Stuttgarter Stadtmeisterschaft A"]
[Site "Ditzingen"]
[Date "2008.05.01"]
[Round "2.42"]
[White "Fiderer, Lukas"]
[Black "Schmid, Eugen"]
[Result "1-0"]
[WhiteElo "2065"]
[BlackElo "1960"]
[PlyCount "29"]
[EventDate "2008.05.??"]
[EventType "swiss"]
[EventRounds "7"]
[EventCountry "GER"]
[WhiteTeam "Ooser SC von 1930 Baden-Baden"]
[BlackTeam "SV Herrenberg e.V."]

1. e4 e6 2. d4 d5 3. Nc3 Nf6 4. Bg5 Be7 5. e5 Nfd7 6. h4 O-O 7. Qg4 f6 8. Bh6
Rf7 9. Nf3 Nc6 10. Bd3 fxe5 11. Bxh7+ Kxh7 12. Ng5+ Bxg5 13. hxg5 g6 14. Qxe6
Kg8 15. Qxg6+ 1-0

[Event "Stuttgarter Stadtmeisterschaft A"]
[Site "Ditzingen"]
[Date "2008.05.01"]
[Round "2.43"]
[White "Lörincz, Benjamin"]
[Black "Kleinert, Jürgen"]
[Result "1/2-1/2"]
[WhiteElo "1935"]
[BlackElo "2061"]
[PlyCount "67"]
[EventDate "2008.05.??"]
[EventType "swiss"]
[EventRounds "7"]
[EventCountry "GER"]
[WhiteTeam "SK Lauffen"]
[BlackTeam "SV 23 Böckingen"]

1. d4 d5 2. c4 dxc4 3. e4 b5 4. a4 Bb7 5. e5 e6 6. Be3 Bb4+ 7. Nc3 a6 8. Nf3
Ne7 9. Be2 Nd5 10. Qc1 Nd7 11. Bd2 Nxc3 12. bxc3 Be7 13. O-O Nb6 14. axb5 axb5
15. Rxa8 Bxa8 16. Bg5 Nd5 17. Bxe7 Qxe7 18. Qb2 Bc6 19. Ra1 Nf4 20. Ra6 Nxe2+
21. Qxe2 Qd7 22. Ng5 O-O 23. Qc2 g6 24. Ra1 Qd5 25. f3 b4 26. Ne4 Kg7 27. Nf6
Qd8 28. h4 b3 29. Qd2 h5 30. Qg5 Bd5 31. Nxh5+ Kh7 32. Nf6+ Kg7 33. Nh5+ Kh7
34. Nf6+ 1/2-1/2

[Event "Stuttgarter Stadtmeisterschaft A"]
[Site "Ditzingen"]
[Date "2008.05.01"]
[Round "2.44"]
[White "Jussupow, Ekaterina"]
[Black "Heeke, Guido"]
[Result "1-0"]
[WhiteElo "2046"]
[BlackElo "1944"]
[PlyCount "41"]
[EventDate "2008.05.??"]
[EventType "swiss"]
[EventRounds "7"]
[EventCountry "GER"]
[WhiteTeam "SK Krumbach"]
[BlackTeam "Schachverein Letmathe 1933 e.V."]

1. e4 e6 2. d4 d5 3. Nc3 Nf6 4. e5 Nfd7 5. f4 a6 6. f5 Nb6 7. fxe6 Bxe6 8. Nf3
c5 9. Be3 cxd4 10. Qxd4 N6d7 11. Rd1 Nc6 12. Qf4 Bb4 13. Bd3 Bxc3+ 14. bxc3 Qa5
15. O-O Qxc3 16. Kh1 O-O-O 17. Rb1 Qa5 18. Rfc1 d4 19. Nxd4 Nxd4 20. Bxd4 Nb8
21. Bb6 1-0

[Event "Stuttgarter Stadtmeisterschaft A"]
[Site "Ditzingen"]
[Date "2008.05.01"]
[Round "2.45"]
[White "Seifert, Martin"]
[Black "Guballa, Jens"]
[Result "1/2-1/2"]
[WhiteElo "1932"]
[BlackElo "2041"]
[PlyCount "52"]
[EventDate "2008.05.??"]
[EventType "swiss"]
[EventRounds "7"]
[EventCountry "GER"]
[WhiteTeam "SV Schwaikheim"]
[BlackTeam "SC Tamm 74"]

1. e4 c6 2. d4 d5 3. Nc3 dxe4 4. Nxe4 Bf5 5. Ng3 Bg6 6. Nf3 Nd7 7. h4 h6 8. h5
Bh7 9. Bd3 Bxd3 10. Qxd3 e6 11. Bd2 Ngf6 12. O-O-O Be7 13. Qe2 O-O 14. Kb1 c5
15. Bc1 Qb6 16. Rh3 Qc6 17. Ne5 Qc7 18. Nxd7 Qxd7 19. dxc5 Qc6 20. f4 Bxc5 21.
f5 Rfe8 22. Qf1 Rac8 23. fxe6 Rxe6 24. Nf5 Qe4 25. Qd3 Bf8 26. Rg3 Qxd3 1/2-1/2

[Event "Stuttgarter Stadtmeisterschaft A"]
[Site "Ditzingen"]
[Date "2008.05.01"]
[Round "2.46"]
[White "Gehringer, Frank"]
[Black "Renke, Mathias"]
[Result "0-1"]
[WhiteElo "2035"]
[BlackElo "1933"]
[PlyCount "78"]
[EventDate "2008.05.??"]
[EventType "swiss"]
[EventRounds "7"]
[EventCountry "GER"]
[WhiteTeam "SC Leinfelden"]
[BlackTeam "SV Ottenbronn"]

1. c4 Nf6 2. Nf3 g6 3. Nc3 Bg7 4. d4 d6 5. e4 O-O 6. Be2 e5 7. O-O Nc6 8. Bg5
h6 9. Bh4 g5 10. dxe5 Nd7 11. Bg3 Ndxe5 12. Nxe5 Nxe5 13. f4 Ng6 14. Qd2 Kh7
15. Rad1 gxf4 16. Bxf4 Nxf4 17. Rxf4 Be5 18. Rf2 Be6 19. Nd5 c6 20. Ne3 Qb6 21.
Bg4 Rg8 22. Bf5+ Bxf5 23. Nxf5 Rg6 24. Kh1 Re8 25. Rdf1 Qd8 26. Rf3 Qg5 27. Qf2
f6 28. Nh4 Rg7 29. Rh3 Kg8 30. Nf5 Rg6 31. Qf3 Kh7 32. Rh5 Qg4 33. Rxh6+ Kg8
34. Qf2 Kf8 35. Rh8+ Rg8 36. Nh6 Qh5 37. Rxg8+ Ke7 38. Rxe8+ Kxe8 39. Ng4 Qxg4
{time} 0-1